Talladega Nights Quiz - Statistics

General Stats
  • This quiz has been taken 675 times
  • The average score is 8 of 15
Answer Stats
Hint Answer % Correct
Ricky and Cal's catch phrase Shake and Bake
98%
If you ain't 1st, you're what? Last
93%
Their signature race manuever Slingshot
83%
Ricky's other son Texas Ranger
74%
What does Reese put in the car with Ricky to help him learn to drive with fear? Cougar
71%
Cal's new nickname once he and Ricky are no longer teammates ("Abracadabra, Holmes") Magic Man
68%
Ricky's son Walker
65%
Who does Ricky call for to use his witchcraft to get the fire off him? Tom Cruise
54%
Jean Girard's main sponsor Perrier
45%
Sponsor seen on Ricky's windshield Fig Newton
44%
What movie does Ricky claim won the Academy Award for Best Movie Ever Made? Highlander
29%
According to Cal, how "El Diablo" translates in English Fighting Chicken
27%
What band does Cal envision Jesus singing lead vocals for? Lynyrd Skynyrd
27%
When Ricky's schoolteacher says there's no smoking in school, Reese responds that its all right, because he's a ________ _______. Volunteer Fireman
27%
Their race team Dennit Racing
25%
No matching quizzes found
Score Distribution
Percent of People with Each Score
Percentile by Number Answered
Your Score History
You have not taken this quiz